<The> Effects of Corruption on Growth, Investment, and Government Expenditure

Na minha lista:
Detalhes bibliográficos
Autor principal: Mauro, Paolo
Formato: Livro
Idioma:inglês
Publicado em: Washington International Monetary Fund 1996
Edição:1. ed.
Colecção:IMF Working Paper 98
Assuntos:
Tags: Adicionar Tag
Sem tags, seja o primeiro a adicionar uma tag!

MARC

LEADER 00000nam a2200000 4500
001 c017490
005 20221205125126.8
041 0 |a eng 
044 |a US 
245 1 0 |a <The> Effects of Corruption on Growth, Investment, and Government Expenditure  |c Paolo Mauro 
250 |a 1. ed. 
264 1 |a Washington  |b International Monetary Fund  |c 1996 
300 |a 27 s. 
490 1 |a IMF Working Paper  |v 98 
830 0 |a IMF Working Paper  |v 98 
610 2 0 |a korupcia 
610 2 0 |a rast hospodársky 
610 2 0 |a investície 
610 2 0 |a výdavky rozpočtu štátneho 
610 2 0 |a výdavky verejné 
610 2 0 |a výdavky na obranu a bezpečnosť 
610 2 0 |a výdavky na potreby kultúrne 
610 2 0 |a výdavky na potreby sociálne 
610 2 0 |a výdavky na správu štátnu 
610 2 0 |a vláda 
610 2 0 |a rozpočet investičný 
610 2 0 |a rozpočet štátny 
100 1 |a Mauro, Paolo